| 000 | 00532nam a2200205 a 4500 | ||
|---|---|---|---|
| 001 | 3665 | ||
| 003 | CDMR | ||
| 005 | 20131121140733.0 | ||
| 007 | ta | ||
| 008 | 130130s1963||||||||||||||||||||||||||||d | ||
| 024 |
_2DL _a57281663 |
||
| 040 |
_aCDMR _bcat _cCDMR |
||
| 100 | 1 |
_aFolliet, Joseph _91337 |
|
| 245 | 1 | 0 |
_aTú serás periodista _cJ. Folliet |
| 260 |
_aMadrid _c1963 _bPopular |
||
| 300 | _a203 p. | ||
| 650 | 0 | 4 |
_94374 _aPeriodisme _xManuals, guies, etc |
| 650 | 0 | 4 |
_92030 _aPeriodisme _xOrientació professional |
| 942 |
_cMON _2udc |
||
| 999 |
_c3665 _d3665 |
||